000 00485 a2200157 4500
999 _c3156
_d3156
020 _a9780748796045
050 _aLB1140 WAL 2006
100 _aWalker, Miranda
_eAuthor
245 _aChildren's care, learning and development :
_b NVQ : 3 candidate handbook /
_cMiranda Walker
264 _aCheltenham:
_b Nelson Thornes,
_c2006.
300 _a420p. :
_bill. (col.)
500 _aIncludes index
650 _aChild care
650 _aChild development.
942 _2lcc
_cBK
_h1140
_iWAL
_kLB